| 000 | 00393nam a2200157Ia 4500 | ||
|---|---|---|---|
| 008 | 151213s9999 xx 000 0 und d | ||
| 100 | _aBadrul Haider Chaoudhury | ||
| 245 |
_aThe Long Echoes _cBadrul Haider Chaoudhury |
||
| 250 | _a1str | ||
| 260 |
_aDhaka _bBarnamichil _c1990 |
||
| 300 | _a5158 p. | ||
| 650 | _aLaw | ||
| 650 | _aLaw | ||
| 700 | _aBadrul Haider Chaoudhury | ||
| 999 |
_c3186 _d3186 |
||